000 00800nam a2200265Ia 4500
003 OSt
005 20220925230429.0
006 a|||||r|||| 00| 0
007 ta
008 220923b |||||||| |||| 00| 0 eng d
020 _a13:9781844672066
_c482.81
037 _bDU0136, 27/03/2008, INDEPENDENT PUBLISHERS GROUP
_cGeneral Book
040 _aRTL
_cRTL
_beng
041 _2eng
_aeng
082 _aY, P8
100 _aRoss Kristin
_9293636
245 0 _aEmergence of social space
260 _aLondon
_bVerso Press
_c2008
300 _axvi, 170p
_ccm.
490 _aRadical Thinkers 31
500 _aBibliography: P 159-164
650 _aSociology
942 _hY, P8
_cGB
_2CC
999 _c585494
_d585494